000 00335 a2200157 4500
001 192580
020 _a1-40544-258-1
040 _cMagnum
100 _aRandall, Ronne
240 1 0 _aThe three little pigs
_lING
245 1 0 _aThe three little pigs
300 _a20
362 0 _a2004
697 _aLITERATURA INGLESA
942 _cBK
999 _c192580
_d192580